000 00823cab a2200229 4500
001 WB3101-54
008 090401t1994 xxu||||| |||| 00| 0 eng d
035 _a(Sirsi) u61612
041 _aeng
245 _aResidents win over night flights
260 _c1994
350 _a0
490 _aGuardian
_v21 December 1994, 3
490 _aTimes
_v21 December 1994, 12(2)
520 _aGovernment is to revise its policy on night flights after a High Court decision declaring the SoS Environment`s night flight scheme at Gatwick, Heathrow and Stansted airports unlawful. It criticised the failure to provide a fair consultation process for local residents.
650 _aAIRPORTS
650 _aNIGHT FLIGHTS
650 _aNOISE LEVELS
690 _aTRANSPORT AND COMMUNICATIONS
942 _n0
948 _c04/03/1997
999 _c38206
_d38206